[Event "Collado Villalba op 40th"]
[Site "Collado Villalba"]
[Date "2023.08.25"]
[Round "4"]
[White "Rapaport, Andres Natalio"]
[Black "Muradova, Nelli"]
[Result "0-1"]
[WhiteElo "1299"]
[BlackElo "1765"]
[PlyCount "90"]
[EventDate "2023.08.22"]
[EventType "swiss"]
[EventRounds "9"]
[EventCountry "ESP"]
[SourceTitle "EXT 2024"]
[Source "ChessBase"]
[SourceDate "2023.10.10"]
[SourceVersion "1"]
[SourceVersionDate "2023.10.10"]
[SourceQuality "1"]

1. d4 d5 2. c4 e6 3. Nf3 Nf6 4. Nc3 dxc4 5. e3 c5 6. Bxc4 a6 7. a4 Nc6 8. 0-0 cxd4 9. exd4 Bd6 10. Bg5 0-0 11. d5 Ne5 12. Nxe5 Bxe5 13. dxe6 Bxe6 14. Qxd8 Raxd8 15. Bxe6 fxe6 16. Rab1 Rd7 17. Bxf6 Bxf6 18. Ne4 Bd4 19. Kh1 e5 20. f3 Rc8 21. Rfd1 Rc2 22. b3 Rdc7 23. Nd2 b5 24. axb5 axb5 25. b4 Kf7 26. h3 Ke6 27. Ne4 h6 28. Rd2 Rxd2 29. Nxd2 Rc2 30. Nb3 Kd5 31. Rd1 Rc4 32. f4 Rxb4 33. Nxd4 Rxd4 34. Rb1 b4 35. fxe5 Kxe5 36. Kh2 Kd5 37. Kg3 Kc4 38. Kf3 b3 39. Ke3 Rd7 40. Rc1+ Kb4 41. Rc6 Ka3 42. Ra6+ Kb2 43. g4 Kb1 44. Rb6 b2 45. Rb4 Ka2 0-1

[Event "Collado Villalba op 38th"]
[Site "Collado Villalba"]
[Date "2021.08.28"]
[Round "8"]
[White "Sanchez Pina, Damian"]
[Black "Rapaport, Andres Natalio"]
[Result "0-1"]
[WhiteElo "1043"]
[BlackElo "1201"]
[PlyCount "98"]
[EventDate "2021.08.21"]
[EventType "swiss"]
[EventRounds "9"]
[EventCountry "ESP"]
[SourceTitle "EXT 2022"]
[Source "ChessBase"]
[SourceDate "2021.10.06"]
[SourceVersion "1"]
[SourceVersionDate "2021.10.06"]
[SourceQuality "1"]

1. d4 Nf6 2. c4 g6 3. Nc3 Bg7 4. Nf3 0-0 5. e4 d6 6. Bd3 e5 7. dxe5 dxe5 8. 0-0 Nc6 9. a3 Nh5 10. Bg5 Ne7 11. Nd5 f6 12. Be3 c6 13. Nxe7+ Qxe7 14. Qb3 c5 15. Qb5 b6 16. a4 Rd8 17. Rfd1 Bd7 18. Qb3 Bg4 19. Be2 Nf4 20. Qc2 Nxe2+ 21. Qxe2 Qb7 22. Rd5 Be6 23. Rd2 Qxe4 24. Rad1 Rxd2 25. Rxd2 Rf8 26. h3 Qxc4 27. Qd1 Qb3 28. Nh2 Qxd1+ 29. Rxd1 Bb3 30. Rd7 Ra8 31. a5 f5 32. Nf3 e4 33. Nd2 Bf7 34. b3 Be8 35. Rb7 Bc6 36. Re7 Bb5 37. Nc4 Bxc4 38. bxc4 Kf8 39. Bg5 h6 40. Bxh6 Bxh6 41. Rh7 Bg7 42. Kf1 bxa5 43. Ke2 Rb8 44. g4 fxg4 45. hxg4 a4 46. Rh3 Rb3 47. Rxb3 axb3 48. Kd1 a5 49. Kc1 a4 0-1

[Event "Collado Villalba-B 37th"]
[Site "Collado Villalba"]
[Date "2020.08.29"]
[Round "9"]
[White "Rapaport, Andres Natalio"]
[Black "Palomo Monserrat, Lorenzo"]
[Result "0-1"]
[WhiteElo "1233"]
[BlackElo "1148"]
[PlyCount "52"]
[EventDate "2020.08.22"]
[EventType "tourn"]
[EventRounds "9"]
[EventCountry "ESP"]
[SourceTitle "CBM 198 Extra"]
[Source "ChessBase"]
[SourceDate "2020.11.30"]
[SourceVersion "1"]
[SourceVersionDate "2020.11.30"]
[SourceQuality "1"]

1. d4 Nf6 2. c4 e6 3. Nc3 Bb4 4. Nf3 d5 5. e3 c5 6. Bd3 Nc6 7. 0-0 0-0 8. cxd5 exd5 9. Ne2 Bg4 10. Ne5 Nxe5 11. dxe5 Nd7 12. f3 Be6 13. Bb1 Nxe5 14. f4 Nc6 15. a3 Ba5 16. Qc2 f5 17. Qxc5 Rc8 18. Qb5 d4 19. Rd1 Bb6 20. Ba2 Bxa2 21. Rxa2 Qe7 22. Qc4+ Kh8 23. b4 dxe3 24. Re1 Rfd8 25. Kf1 Qh4 26. h3 Qf2# 0-1

[Event "Collado Villalba-B 37th"]
[Site "Collado Villalba"]
[Date "2020.08.27"]
[Round "7"]
[White "Rapaport, Andres Natalio"]
[Black "Enriquez Pastor, Jorge"]
[Result "0-1"]
[WhiteElo "1233"]
[BlackElo "1445"]
[PlyCount "104"]
[EventDate "2020.08.22"]
[EventType "tourn"]
[EventRounds "9"]
[EventCountry "ESP"]
[SourceTitle "CBM 198 Extra"]
[Source "ChessBase"]
[SourceDate "2020.11.30"]
[SourceVersion "1"]
[SourceVersionDate "2020.11.30"]
[SourceQuality "1"]

1. d4 Nf6 2. c4 g6 3. Nc3 d5 4. Nf3 Bg7 5. e3 0-0 6. Bd3 c6 7. cxd5 Nxd5 8. 0-0 Nd7 9. Nxd5 cxd5 10. a3 Nf6 11. b4 b6 12. Bb2 Bb7 13. Rc1 a6 14. Ne5 b5 15. f4 e6 16. Rf3 Rc8 17. g4 Rxc1 18. Qxc1 h6 19. Rh3 Nd7 20. g5 Nxe5 21. fxe5 Qxg5+ 22. Rg3 Qd8 23. Qc2 Kh7 24. Qg2 Qh4 25. Bc3 Qh5 26. Qf1 Qh4 27. Rf3 Qe7 28. Bd2 h5 29. Be1 Kg8 30. Bd2 Qg5+ 31. Rg3 Qe7 32. Rf3 Bh6 33. Rf6 Kg7 34. Qg2 Kh8 35. e4 Bxd2 36. Qxd2 dxe4 37. Qh6+ Kg8 38. Be2 Rc8 39. Bxh5 Qf8 40. Qg5 Qg7 41. Bxg6 Rf8 42. Bh7+ Kxh7 43. Qxg7+ Kxg7 44. Kf2 Bd5 45. h4 Rh8 46. Kg3 Rh6 47. Rf4 Rg6+ 48. Kh3 f5 49. exf6+ Rxf6 50. Rg4+ Rg6 51. h5 Rxg4 52. Kxg4 Kh6 0-1

[Event "Collado Villalba op-B 36th"]
[Site "Collado Villalba"]
[Date "2019.08.29"]
[Round "7"]
[White "Rapaport, Andres Natalio"]
[Black "Reyes Garcia, Gilberto"]
[Result "0-1"]
[WhiteElo "1283"]
[BlackElo "1482"]
[PlyCount "94"]
[EventDate "2019.08.23"]
[EventType "swiss"]
[EventRounds "9"]
[EventCountry "ESP"]
[SourceTitle "CBM 192 Extra"]
[Source "Chessbase"]
[SourceDate "2019.11.06"]
[SourceVersion "1"]
[SourceVersionDate "2019.11.06"]
[SourceQuality "1"]

1. e4 c5 2. Nf3 d6 3. d4 cxd4 4. Nxd4 Nf6 5. Nc3 a6 6. Be2 g6 7. Be3 Bg7 8. Qd2 Ng4 9. Bg5 Qb6 10. Bxg4 Bxg4 11. Nb3 Nc6 12. Nd5 Qd8 13. c3 h6 14. Bh4 Rc8 15. h3 Be6 16. 0-0 0-0 17. Nd4 Bxd5 18. exd5 Nxd4 19. cxd4 Qd7 20. Rfe1 Rfe8 21. Rac1 Kf8 22. Rxc8 Qxc8 23. Rc1 Qf5 24. Rc7 g5 25. Bg3 Qxd5 26. b3 b5 27. Qa5 Ra8 28. Ra7 Bxd4 29. Rxa8+ Qxa8 30. Qc7 Qa7 31. Qc8+ Kg7 32. Qf5 Qc5 33. Qe4 Bf6 34. h4 d5 35. Qg4 d4 36. hxg5 hxg5 37. Qe2 a5 38. Kh2 a4 39. bxa4 bxa4 40. f4 gxf4 41. Bxf4 Qf5 42. g3 e5 43. Bd2 Kg6 44. g4 Qc2 45. Qg2 Bg5 46. Bxg5 Qxg2+ 47. Kxg2 Kxg5 0-1

[Event "Mostoles op 10th"]
[Site "Mostoles"]
[Date "2019.07.18"]
[Round "1"]
[White "Rapaport, Andres Natalio"]
[Black "Olmedo Aznar, Eduardo"]
[Result "0-1"]
[WhiteElo "1283"]
[BlackElo "1786"]
[PlyCount "72"]
[EventDate "2019.07.18"]
[EventType "swiss"]
[EventRounds "9"]
[EventCountry "ESP"]
[SourceTitle "EXT 2020"]
[Source "ChessBase"]
[SourceDate "2019.10.17"]
[SourceVersion "1"]
[SourceVersionDate "2019.10.17"]
[SourceQuality "1"]

1. e4 Nf6 2. e5 Nd5 3. Bc4 Nb6 4. Bb3 d6 5. Nf3 e6 6. 0-0 Be7 7. d4 0-0 8. c3 Nc6 9. Re1 Re8 10. Nbd2 Nd7 11. exd6 cxd6 12. Nf1 Nf6 13. Ng3 Bd7 14. Bc2 Qa5 15. Qd3 g6 16. h3 Rad8 17. Ne4 e5 18. b4 Qc7 19. d5 Nb8 20. Bg5 Nxe4 21. Qxe4 Bf5 22. Qe2 Bxc2 23. Qxc2 Rc8 24. Rac1 Na6 25. Qb3 Bf8 26. Nd2 Qd7 27. Ne4 Bg7 28. Bh6 Qe7 29. Bxg7 Kxg7 30. Re3 f5 31. Nd2 Nc7 32. f4 Qf7 33. fxe5 Qxd5 34. Qxd5 Nxd5 35. Rd3 Nf4 36. Kf2 Nxd3+ 0-1

[Event "Collado Villalba op-B 35th"]
[Site "Collado Villalba"]
[Date "2018.08.30"]
[Round "7"]
[White "Rapaport, Andres Natalio"]
[Black "Buergo Villanueva, Fernando"]
[Result "0-1"]
[WhiteElo "1277"]
[BlackElo "1272"]
[PlyCount "50"]
[EventDate "2018.08.24"]
[EventType "swiss"]
[EventRounds "9"]
[EventCountry "ESP"]
[SourceTitle "CBM 186 Extra"]
[Source "ChessBase"]
[SourceDate "2018.08.24"]
[SourceVersion "1"]
[SourceVersionDate "2018.08.24"]
[SourceQuality "1"]

1. d4 e6 2. Bf4 g5 3. Bg3 d5 4. Nf3 Nc6 5. e3 f6 6. c3 h5 7. h3 a6 8. Bd3 h4 9. Bh2 Nh6 10. Bg6+ Kd7 11. 0-0 f5 12. Qa4 b5 13. Qd1 Qe7 14. Ne5+ Nxe5 15. dxe5 Rg8 16. Bh5 g4 17. hxg4 fxg4 18. e4 Bb7 19. Bf4 Qh7 20. exd5 Bxd5 21. Bxh6 Bxh6 22. Bxg4 Qe4 23. f3 Be3+ 24. Kh2 Qxe5+ 25. Kh3 Qg3# 0-1

[Event "Madrid Colmenarejo Autumn op 22nd"]
[Site "Madrid"]
[Date "2017.09.24"]
[Round "2"]
[White "Fernandez Pello San Roman, Aaron"]
[Black "Rapaport, Andres Natalio"]
[Result "1/2-1/2"]
[WhiteElo "1102"]
[BlackElo "1362"]
[PlyCount "78"]
[EventDate "2017.09.17"]
[EventType "swiss"]
[EventRounds "7"]
[EventCountry "ESP"]
[SourceTitle "EXT 2019"]
[Source "ChessBase"]
[SourceDate "2018.10.10"]
[SourceVersion "1"]
[SourceVersionDate "2018.10.10"]
[SourceQuality "1"]

1. e4 d6 2. Nf3 Nf6 3. Nc3 g6 4. Bc4 Bg7 5. 0-0 0-0 6. d3 Nbd7 7. Bg5 a6 8. Qd2 Nb6 9. Bb3 Bg4 10. Qf4 Qd7 11. h3 Nh5 12. Qxg4 Qxg4 13. hxg4 Nf6 14. Bxf6 Bxf6 15. d4 Nd7 16. Nd5 Rac8 17. Nxf6+ Nxf6 18. Rfe1 Nxg4 19. Nh2 Nf6 20. f3 Kg7 21. Ng4 Nd7 22. e5 h5 23. Nh2 Rce8 24. c4 f6 25. f4 fxe5 26. dxe5 Rxf4 27. Ba4 b5 28. Bb3 Nc5 29. cxb5 axb5 30. Bd5 e6 31. Bc6 Ref8 32. Bxb5 Rb4 33. Bf1 Rxb2 34. Re2 Rb4 35. Rf2 d5 36. Nf3 Rbf4 37. Be2 Ne4 38. Rff1 Ng3 39. Rf2 g5 1/2-1/2

[Event "Collado Villalba op-B 34th"]
[Site "Collado Villalba"]
[Date "2017.08.29"]
[Round "8"]
[White "Perez Rodrigo, Alicia"]
[Black "Rapaport, Andres Natalio"]
[Result "1-0"]
[WhiteElo "1377"]
[BlackElo "1362"]
[PlyCount "63"]
[EventDate "2017.08.22"]
[EventType "swiss"]
[EventRounds "9"]
[EventCountry "ESP"]
[SourceTitle "CBM 180 Extra"]
[Source "ChessBase"]
[SourceDate "2017.10.06"]
[SourceVersion "1"]
[SourceVersionDate "2017.10.06"]
[SourceQuality "1"]

1. d4 d5 2. c4 e6 3. Nc3 Bb4 4. Qc2 Bd7 5. Nf3 h6 6. e3 c5 7. cxd5 exd5 8. dxc5 Bxc5 9. Nxd5 b6 10. Qe4+ Be6 11. Bb5+ Nd7 12. Bxd7+ Qxd7 13. Nc7+ Qxc7 14. Qxa8+ Bc8 15. Qe4+ Ne7 16. 0-0 0-0 17. b3 Bf5 18. Qc4 Qd6 19. Qc3 Nd5 20. Qe5 Ne7 21. Qxd6 Bxd6 22. Bb2 Bc5 23. Rac1 Nd5 24. Rfd1 Nb4 25. Bd4 Nd3 26. Bxc5 Nxc5 27. Nd4 Bd7 28. b4 Ba4 29. Rd2 Ne4 30. Rd3 Bd7 31. Rc7 Rd8 32. Nc6 1-0